Sports Quiz

Random Sports or Football Quiz

Countries that play American Football Quiz Stats

 Plays Quiz not verified by Sporcle

Score 0/33 Timer 04:00
0 Plays Today
Hint Answer % Correct
A continent Australia
95.2%
South AmericaBrazil
95.2%
EuropeFrance
95.2%
EuropeGermany
95.2%
EuropeSpain
95.2%
North AmericaCanada
90.5%
Western AsiaChina
90.5%
Northern AsiaRussia
90.5%
Western AsiaJapan
85.7%
EuropeItaly
81%
EuropePortugal
81%
North AmericaMexico
76.2%
Island near AustraliaNew Zealand
76.2%
CaribbeanCuba
66.7%
EuropeNetherlands
66.7%
EuropeSweden
66.7%
EuropeSwitzerland
66.7%
Hint Answer % Correct
EuropeFinland
61.9%
EuropePoland
61.9%
CaribbeanBahamas
57.1%
EuropeIreland
57.1%
EuropeAustria
52.4%
EuropeBelgium
52.4%
AfricaEgypt
52.4%
Western AsiaSouth Korea
52.4%
North AmericaUnited States of America
52.4%
EuropeDenmark
47.6%
AsiaIndia
47.6%
EuropeUnited Kingdom
47.6%
CaribbeanPuerto Rico
38.1%
East AsiaIsrael
33.3%
EuropeRomania
33.3%
EuropeSerbia
23.8%

You're not logged in!

Compare scores with friends on all Sporcle quizzes.
OR
Log In

Show Comments

Extras

Top Quizzes Today


Score Distribution

Your Account Isn't Verified!

In order to create a playlist on Sporcle, you need to verify the email address you used during registration. Go to your Sporcle Settings to finish the process.

Report this User

Report this user for behavior that violates our Community Guidelines.

Details: